| 000 | 01040nam a2200277 a 4500 | ||
|---|---|---|---|
| 001 | 24976 | ||
| 003 | BD-RjUL | ||
| 005 | 20211209050819.0 | ||
| 008 | 140315m1958 ii bcf 001 0 eng | ||
| 035 | _a(BD-RjUL)25045 | ||
| 040 |
_aDLC _cCarP _dDLC _beng |
||
| 041 | _aeng | ||
| 082 |
_a940.5354 _bPRC 1958 |
||
| 100 |
_aPrasad, S.N. _9115737 |
||
| 245 | 1 | 4 |
_aThe reconquest of Burma / _cS.N. Prasad ; general editor, Bisheshwar Prasad. _nV-1. |
| 260 |
_aDelhi : _bCombined Inter-services Historical Section (India & Pakistan); distributors: Orient Longmans, Bombay, _c1958. |
||
| 300 |
_a467 p. : _bmaps (part fold., part col.) plates, ports. ; _c26 cm. |
||
| 490 | _a Official history of the Indian Armed Forces in the Second World War, 1939-1945 | ||
| 500 | _aS.N. Prasad, K.D. Bhargava, P.N. Khera. | ||
| 504 | _aincludes index | ||
| 650 | 0 |
_aWorld War, 1939-1945 _xCampaigns _zBurma. [from old catalog] _976826 |
|
| 700 | 1 |
_aPrasad, Bisheshwar. _9115730 |
|
| 942 |
_2ddc _cBK |
||
| 999 |
_c24976 _d24976 |
||